000 00540nam a2200217 454500
001 045777
003 BD-ChCU
008 Eng
020 _a8170071739
040 _aDLC
_cDLC
_dBD-ChCU
082 0 0 _a181.4/C545w
100 1 _aChattopadhyaya, Debiprasad
_bx
245 1 0 _aWhat is living and what is dead in Indian philosophy
_bx
250 _a3
260 _aNew Delhi
_bPeoples Pub.
_c1976
300 _axiv,656
504 _aIncludes
650 0 _aPhilosophy, Indian
_bPhilosophy, Indian
700 1 _ax
942 _2ddc
_cBK
999 _c45777
_d45777